000 01348cam a22003977i 4500
001 data
005 20260322212104.0
008 data
035 _a19876829
906 _a7
_bcbc
_ccopycat
_d2
_encip
_f20
_gy-gencatlg
925 0 _aacquire
_b1 shelf copies
_xpolicy default
010 _a 2017300160
020 _a9781607975526
_qhardback
035 _a(OCoLC)967247359
040 _aCPV
_beng
_cCPV
_erda
_dDLC
_dOCLCF
_dCOO
_dDLC
042 _alccopycat
050 0 0 _aSF767.D6
_bK86 2015
100 1 _aKumar, M. S. A.,
_eauthor.
245 1 0 _aClinically oriented anatomy of the dog & cat /
_cM.S.A. Kumar.
246 3 _aClinically oriented anatomy of the dog and cat
246 3 0 _aDog & cat
250 _aSecond edition.
264 1 _aRonkonkoma, NY :
_bLinus Learning,
_c[2015]
300 _axvi, 1380 pages :
_bcolor illustrations ;
_c28 cm
336 _atext
_2rdacontent
337 _aunmediated
_2rdamedia
338 _avolume
_2rdacarrier
504 _aIncludes bibliographical references and index.
650 0 _aDogs
_xAnatomy.
650 0 _aCats
_xAnatomy.
650 0 _aVeterinary anatomy.
650 7 _aCats
_xAnatomy.
_2fast
_0(OCoLC)fst00849376
650 7 _aDogs
_xAnatomy.
_2fast
_0(OCoLC)fst00896268
650 7 _aVeterinary anatomy.
_2fast
_0(OCoLC)fst01165871
999 _c1515
_d1515